000 00894cab a22001935a 4500
001 L147201
008 090415s2009 xxkdo f s 000 0 eng d
035 _a(Sirsi) u147201
041 0 _aeng
100 1 _aMenary, Steve
245 0 0 _aFalling short
260 _c2009
490 _aHousebuilder
_v68 (2) March 2009, 24-27 (3)
520 _aReports Glenigan's results of its latest survey "Who's planning to build where" for the year 2008. Suggests that most regions experienced a decline in the number of planning applications. Yorkshire had the largest decline. Four regions experienced a decrease of 40% or more in the amount of planning applications. Presents charts of top ten housebuilders per UK region.
590 _aKA
651 4 _aUnited Kingdom
_y
690 _aENVIRONMENTAL AND LAND CONSULTANCY-PLANNING AND DEVELOPMENT-DEVELOPMENT CONTROL-PLANNING APPLICATIONS
942 _n0
999 _c81428
_d81428